[Event "Bad Sooden-Allendorf Seniors op 14th"]
[Site "Bad Sooden-Allendorf"]
[Date "2002.04.24"]
[Round "3"]
[White "Kossahl, Rudolf"]
[Black "Schindhelm, Kurt"]
[Result "0-1"]
[WhiteElo "1324"]
[BlackElo "1643"]
[PlyCount "24"]
[EventDate "2002.04.??"]
[EventType "swiss"]
[EventRounds "9"]
[EventCountry "GER"]
[SourceTitle "EXT 2006"]
[Source "ChessBase"]
[SourceDate "2005.11.24"]
[SourceVersion "1"]
[SourceVersionDate "2005.11.24"]
[SourceQuality "1"]

1. d4 d5 2. Nf3 e6 3. e3 a6 4. Nc3 Nf6 5. Bd2 c5 6. dxc5 Bxc5 7. a3 Nc6 8. b4 Bd6 9. Bd3 Qc7 10. Rg1 Bd7 11. Ne2 e5 12. Nc1 e4 0-1